000
00242nam a2200109Ia 4500
008
220204s9999 xx 000 0 und d
082
_a
323
_b
GHO
100
_a
Ghose, S K
245
0
_a
Betrayal
260
_a
Delhi
_b
Sterling
_c
1979
942
_c
BK
999
_c
34079
_d
34079